000 00379nam a2200169Ia 4500
008 230524s9999 xx 000 0 und d
020 _a8170295998
082 _a4
_bSTE
100 _aAl.Stevens
245 0 _aTeach Yourself C++
250 _a4TH
260 _aNEW DELHI
_bBPB
_c1995
300 _aXX;388
500 _aQuantity Number: 8
650 _aComp-Sc
942 _cBK
999 _c24620
_d24620